Hybrid Regimes (2023) - Statistics

General Stats
  • This quiz has been taken 82 times
    32 since last reset
  • The average score is 21 of 34
Answer Stats
Answer % Correct
Turkey
82%
Ukraine
77%
Angola
73%
Armenia
73%
Honduras
73%
Mexico
73%
Tunisia
73%
Bolivia
68%
Ecuador
68%
El Salvador
68%
Georgia
68%
Guatemala
68%
Kenya
68%
Morocco
68%
Nigeria
68%
Bangladesh
64%
Bhutan
64%
Zambia
64%
Bosnia and Herzegovina
59%
Gambia
59%
Ivory Coast
59%
Madagascar
59%
Nepal
59%
Senegal
59%
Tanzania
59%
Uganda
59%
Benin
55%
Mauritania
55%
Peru
55%
Liberia
50%
Sierra Leone
50%
Fiji
45%
Malawi
45%
Hong Kong
14%
No matching quizzes found
Score Distribution
Percent of People with Each Score
Percentile by Number Answered
Your Score History
You have not taken this quiz since the last reset